| 000 | 00829nam a2200241 i 4500 | ||
|---|---|---|---|
| 001 | 13801 | ||
| 003 | ES-MaACL | ||
| 005 | 20230906150651.0 | ||
| 007 | t| | ||
| 008 | 980707s1997 sp ||||1| spa d | ||
| 020 | _a84-87136-78-8 | ||
| 080 | _a061.22(460.288)I.E.A.(091) | ||
| 100 | 1 |
_aCarrilero Martínez, Ramón. _935754 |
|
| 245 | 1 | 0 |
_aInstituto de Estudios Albacetenses _b: veinte años de historia / _cRamón Carrilero Martínez. |
| 260 |
_aAlbacete : _bInstituto de Estudios Albacetenses, _c1997. |
||
| 300 |
_a161 p. : _bil. ; _c23 cm. |
||
| 490 | 1 |
_aSerie VI. Varios ; _v3 |
|
| 610 | 2 |
_aInstituto de Estudios Albacetenses- _xHistoria. _94885 |
|
| 710 | 2 |
_aInstituto de Estudios Albacetenses. _94884 |
|
| 830 | 0 |
_aSerie VI. Varios ; _v3 _9183182 |
|
| 852 |
_aES-MaACL _jL-21226 _bR.126695 |
||
| 999 |
_c13801 _d13801 |
||